'Have I got a word for you!!' Quiz Stats

 Plays Quiz not verified by Sporcle

Score 0/10 Timer 00:30
0 Plays Today
% Correct
???
49.2%
???
47.2%
???
46.2%
???
41.5%
???
40.5%
???
40%
???
40%
???
36.9%
???
35.9%
???
35.4%

You're not logged in!

Compare scores with friends on all Sporcle quizzes.
OR
Log In

Sporcle TV

Today on Sporcle TV


Watch our educational content, quiz creation guides, and fun videos on Sporcle TV.

Show Comments

Extras

Created Dec 13, 2014ReportNominate
Tags:Clickable Quiz

Top Quizzes Today


Score Distribution

Your Account Isn't Verified!

In order to create a playlist on Sporcle, you need to verify the email address you used during registration. Go to your Sporcle Settings to finish the process.

Report this User

Report this user for behavior that violates our Community Guidelines.

Details: